00424nam a22001817a 4500003000500000005001700005008004100022010001000063011001000073035001000083040000900093082001600102100002500118245003200143260003400175300002000209650001300229CHAP20220329134201.0971013s1953 r 00010 d a16663 a17635 a21718 cCHAP a633.87bH6800aHowes, Frank Norman. aVegetable tanning materials aLondon :bButterworths,c1953 a325 p.b: ilus.14aTaninos.